[Event "6.Città di  Padova Open A"]
[Site "Padova Fornace Carotta"]
[Date "2003.12.17"]
[Round "5.9"]
[White "Antoniacci, Riccardo"]
[Black "Maniero, Riccardo"]
[Result "1-0"]
[WhiteElo "2041"]
[BlackElo "1660"]
[Annotator "Gabriele Ballarin"]
[PlyCount "105"]
[EventDate "2003.12.13"]
[EventType "swiss"]
[EventRounds "9"]
[EventCountry "ITA"]

1. e4 Nc6 2. Nc3 d6 3. d4 Nf6 4. f4 Bg4 5. Nf3 Bxf3 6. gxf3 e6 7. Be3 d5 8. e5 Nd7 9. f5 Qh4+ 10. Bf2 Qh6 11. Qd2 Qxd2+ 12. Kxd2 O-O-O 13. fxe6 fxe6 14. Bh3 Re8 15. Ne2 Nd8 16. Rhg1 Rg8 17. f4 g6 18. Be3 Bh6 19. Rg4 Rgf8 20. Rh4 Nf7 21. Rg1 Rh8 22. Bf1 Bf8 23. Ng3 Be7 24. Rh3 Nb6 25. b3 c6 26. a4 Kc7 27. a5 Nd7 28. c3 b6 29. axb6+ axb6 30. Bd3 Ra8 31. Rc1 Ra2+ 32. Rc2 Rxc2+ 33. Kxc2 Bf8 34. Ne2 b5 35. Rg3 Be7 36. Rg1 Ra8 37. h4 Rg8 38. f5 Nd8 39. f6 Nxf6 40. exf6 Bxf6 41. h5 e5 42. dxe5 Bxe5 43. hxg6 hxg6 44. Rxg6 Rxg6 45. Bxg6 Ne6 46. Nd4 Nxd4+ 47. Bxd4 Bd6 48. b4 Bf4 49. Kd3 Kd6 50. Ke2 Be5 51. Bxe5+ Kxe5 52. Ke3 Ke6 53. Kd4 1-0

[Event "6.Città di  Padova Open A"]
[Site "Padova Fornace Carotta"]
[Date "2003.12.17"]
[Round "5.10"]
[White "Belloni, Umberto"]
[Black "Canazza, Alessandro"]
[Result "0-1"]
[WhiteElo "1623"]
[BlackElo "1594"]
[Annotator "Gabriele Ballarin"]
[PlyCount "84"]
[EventDate "2003.12.13"]
[EventType "swiss"]
[EventRounds "9"]
[EventCountry "ITA"]

1. e4 c5 2. Nf3 d6 3. d4 cxd4 4. Nxd4 Nf6 5. Nc3 a6 6. Bd3 e5 7. Nf3 Be7 8. O-O O-O 9. Re1 b5 10. Bg5 Nbd7 11. Bxf6 Nxf6 12. Bf1 Bb7 13. a3 Rc8 14. Qd2 Qc7 15. h3 Rfd8 16. Qe3 d5 17. exd5 Nxd5 18. Nxd5 Bxd5 19. Bd3 Bd6 20. Bf5 Rb8 21. c3 Re8 22. Rad1 Bb3 23. Ra1 Rbd8 24. Qe4 g6 25. Nh4 gxf5 26. Qxf5 Qe7 27. Re4 Be6 28. Qh5 f6 29. Nf5 Bxf5 30. Qxf5 Kh8 31. Rae1 Rg8 32. h4 Qg7 33. g3 Bc5 34. g4 Rd2 35. Rf1 Qg6 36. Qf3 Rxb2 37. a4 b4 38. cxb4 Rxb4 39. Rfe1 Rxe4 40. Rxe4 Bd4 41. Kf1 Rc8 42. Qa3 Qxe4 0-1

[Event "6.Città di  Padova Open A"]
[Site "Padova Fornace Carotta"]
[Date "2003.12.17"]
[Round "5.11"]
[White "Cipolotti, Piersilvio"]
[Black "Rigo, Gianfrancesco"]
[Result "0-1"]
[WhiteElo "1591"]
[BlackElo "2059"]
[Annotator "Gabriele Ballarin"]
[PlyCount "96"]
[EventDate "2003.12.13"]
[EventType "swiss"]
[EventRounds "9"]
[EventCountry "ITA"]

1. Nf3 e6 2. g3 d5 3. Bg2 Nf6 4. O-O Be7 5. d3 b6 6. Nbd2 Bb7 7. a3 O-O 8. e3 c5 9. h3 Nbd7 10. Nh2 Qc7 11. f4 e5 12. Re1 Rfe8 13. f5 e4 14. g4 exd3 15. cxd3 Bd6 16. Nhf1 Ne5 17. Nf3 Rad8 18. Rb1 c4 19. Nxe5 Bxe5 20. d4 Bd6 21. Bd2 a5 22. a4 Bc6 23. Ra1 Ne4 24. Bc3 Rd7 25. Nd2 Bh2+ 26. Kf1 Ng3+ 27. Kf2 Nxf5 28. gxf5 Bg3+ 29. Kg1 Bxe1 30. Qxe1 Rde7 31. Nf1 Qd7 32. Qd1 Qxf5 33. Qe2 Qd7 34. Qc2 Re6 35. Bd2 Rg6 36. Kh1 Qd6 37. Bc3 Bd7 38. Re1 Rh6 39. Re2 Bxh3 40. Bxh3 Rxh3+ 41. Rh2 Qd7 42. Qg2 Rxh2+ 43. Qxh2 Qxa4 44. Qc7 Qd1 45. Kg1 Qg4+ 46. Kh1 h5 47. Qxb6 Qf3+ 48. Kg1 Re6 0-1

[Event "6.Città di  Padova Open A"]
[Site "Padova Fornace Carotta"]
[Date "2003.12.17"]
[Round "5.12"]
[White "Fragni, Enrico"]
[Black "Roberti, Ignazio"]
[Result "0-1"]
[WhiteElo "1447"]
[BlackElo "1990"]
[Annotator "Gabriele Ballarin"]
[PlyCount "124"]
[EventDate "2003.12.13"]
[EventType "swiss"]
[EventRounds "9"]
[EventCountry "ITA"]

1. c4 Nf6 2. Nc3 c5 3. Nf3 Nc6 4. e3 d5 5. d4 e6 6. Bd3 Be7 7. Qd2 O-O 8. b3 b6 9. Bb2 cxd4 10. exd4 Bb7 11. cxd5 Nxd5 12. O-O Rc8 13. Nxd5 Qxd5 14. Rad1 Bf6 15. Rfe1 Rfd8 16. Be4 Qh5 17. Qf4 Na5 18. Bxb7 Nxb7 19. Rd2 Qa5 20. a3 Rd5 21. Red1 Nd6 22. Ne5 Nb5 23. Nc4 Qa6 24. h4 Be7 25. a4 Nd6 26. Ne3 Rh5 27. g3 Qb7 28. d5 Nf5 29. Qg4 g6 30. Nxf5 Rxf5 31. dxe6 fxe6 32. Rd7 Rc7 33. Qe2 Kf7 34. Rxc7 Qxc7 35. Rc1 Bc5 36. Kg2 Qb7+ 37. f3 Rd5 38. Re1 Qd7 39. Bc1 Bb4 40. Rf1 Bd2 41. Kh3 h5 42. Bxd2 Rxd2 43. Qe3 Rd3 44. Qf4+ Kg8 45. Qe5 Rd5 46. Qe4 Kh7 47. Re1 e5+ 48. Kg2 Rd2+ 49. Re2 Rxe2+ 50. Qxe2 Qd4 51. Kf1 Qc3 52. Kg2 Qxb3 53. Qxe5 Qc2+ 54. Kh3 Qf5+ 55. Qxf5 gxf5 56. g4 fxg4+ 57. fxg4 a6 58. g5 b5 59. axb5 axb5 60. Kg3 b4 61. Kf4 b3 62. Kf5 Kg7 0-1

[Event "6.Città di  Padova Open A"]
[Site "Padova Fornace Carotta"]
[Date "2003.12.17"]
[Round "5.13"]
[White "Bonetto, Giorgio"]
[Black "Giordan, Daniele"]
[Result "1-0"]
[WhiteElo "1540"]
[BlackElo "1569"]
[Annotator "Gabriele Ballarin"]
[PlyCount "93"]
[EventDate "2003.12.13"]
[EventType "swiss"]
[EventRounds "9"]
[EventCountry "ITA"]

1. e4 d6 2. d4 Nf6 3. Nc3 g6 4. Bc4 Bg7 5. Nf3 c6 6. Be3 b5 7. Bd3 O-O 8. Qd2 a5 9. Bh6 Na6 10. Bxg7 Kxg7 11. a3 Qb6 12. h3 Bb7 13. O-O Rad8 14. Qe3 Nd7 15. Ne2 e5 16. c3 exd4 17. cxd4 c5 18. Qg5 c4 19. Bc2 Rfe8 20. Ng3 f6 21. Nh5+ Kf7 22. Qh6 gxh5 23. Qxh7+ Kf8 24. Nh4 Re6 25. Ng6+ Ke8 26. Qg8+ Nf8 27. Qxf8+ Kd7 28. Qf7+ Kc8 29. Qxe6+ Kb8 30. Qxf6 Re8 31. e5 Qxd4 32. Qxd6+ Qxd6 33. exd6 Nc5 34. Rae1 Rd8 35. Re5 Nd3 36. Rxb5 Rxd6 37. Nh4 Nf4 38. Be4 Rd7 39. Nf3 Ka7 40. Rxb7+ Rxb7 41. Bxb7 Kxb7 42. Nd2 c3 43. bxc3 Ne2+ 44. Kh2 Nxc3 45. Rc1 Nb5 46. a4 Nd6 47. Rc5 1-0

[Event "6.Città di  Padova Open A"]
[Site "Padova Fornace Carotta"]
[Date "2003.12.17"]
[Round "5.14"]
[White "Kircanski, Piergiorgio"]
[Black "Smirnov, Vladimir"]
[Result "0-1"]
[WhiteElo "1500"]
[BlackElo "1300"]
[Annotator "Gabriele Ballarin"]
[PlyCount "60"]
[EventDate "2003.12.13"]
[EventType "swiss"]
[EventRounds "9"]
[EventCountry "ITA"]

1. e4 e5 2. Nf3 Nc6 3. d4 exd4 4. Nxd4 Ne5 5. Nc3 Nf6 6. Nf3 Bd6 7. Nxe5 Bxe5 8. Bd3 d6 9. Bd2 Bg4 10. f3 Be6 11. Qe2 Qd7 12. O-O-O Bxc3 13. Bxc3 Bxa2 14. Bb5 c6 15. Bd3 Be6 16. e5 Nh5 17. g3 O-O-O 18. exd6 Qxd6 19. Bg6 Qc5 20. Bxh5 Qxh5 21. Bxg7 Qg5+ 22. Kb1 Qxg7 23. Rde1 Rhe8 24. Qf2 Rd5 25. Kc1 Red8 26. c3 Ra5 27. Rxe6 fxe6 28. Kc2 Qg6+ 29. Kb3 Rb5+ 30. Kc4 Qd3# 0-1

[Event "6.Città di  Padova Open A"]
[Site "Padova Fornace Carotta"]
[Date "2003.12.17"]
[Round "5.15"]
[White "Adami, Igor"]
[Black "Rizzo, Giuseppe"]
[Result "0-1"]
[WhiteElo "1500"]
[BlackElo "1503"]
[Annotator "Gabriele Ballarin"]
[PlyCount "98"]
[EventDate "2003.12.13"]
[EventType "swiss"]
[EventRounds "9"]
[EventCountry "ITA"]

1. d4 Nf6 2. c4 g6 3. Nc3 d5 4. Nf3 Bg7 5. Bf4 c5 6. e3 cxd4 7. exd4 Nc6 8. Bd3 O-O 9. Rc1 Bg4 10. h3 Bxf3 11. Qxf3 Nxd4 12. Qe3 dxc4 13. Bxc4 Nh5 14. Bh6 Nf5 15. Rd1 Nxe3 16. Rxd8 Nxg2+ 17. Kf1 Raxd8 18. Bxg7 Kxg7 19. Kxg2 Rd2 20. Na4 a6 21. Nc5 Rxb2 22. Bb3 a5 23. Rd1 b5 24. Kf3 Rc8 25. Nd3 Rc3 26. Ke3 a4 27. Kd4 Rcxb3 28. axb3 Rxb3 29. Rc1 Nf6 30. Rc8 e6 31. Rb8 Nd5 32. f4 b4 33. Nc5 Rxh3 34. Nxa4 Nxf4 35. Rxb4 Nd5 36. Rc4 Ne3 37. Rc3 Nf5+ 38. Kc4 Rxc3+ 39. Nxc3 Kf6 40. Kd3 Ke5 41. Ke2 Kf4 42. Kf2 Nd4 43. Na4 e5 44. Nc5 e4 45. Nd7 e3+ 46. Ke1 Kf5 47. Nb6 Ke4 48. Nc4 f6 49. Na3 Kd3 0-1

[Event "6.Città di  Padova Open A"]
[Site "Padova Fornace Carotta"]
[Date "2003.12.18"]
[Round "6.1"]
[White "Dervishi, Erald"]
[Black "Efimov, Igor"]
[Result "1/2-1/2"]
[WhiteElo "2495"]
[BlackElo "2497"]
[Annotator "Gabriele Ballarin"]
[PlyCount "31"]
[EventDate "2003.12.13"]
[EventType "swiss"]
[EventRounds "9"]
[EventCountry "ITA"]

1. e4 e5 2. Nf3 Nf6 3. Nxe5 d6 4. Nf3 Nxe4 5. d4 Nd7 6. Bd3 Ndf6 7. O-O Be7 8. Re1 d5 9. Nbd2 Nd6 10. Qe2 Be6 11. b3 Nc8 12. Ne5 O-O 13. Ndf3 Bb4 14. Bd2 Bxd2 15. Nxd2 c6 16. Ndf3 1/2-1/2

[Event "6.Città di  Padova Open A"]
[Site "Padova Fornace Carotta"]
[Date "2003.12.18"]
[Round "6.2"]
[White "Naumkin, Igor"]
[Black "Manca, Federico"]
[Result "1-0"]
[WhiteElo "2401"]
[BlackElo "2363"]
[Annotator "Gabriele Ballarin"]
[PlyCount "99"]
[EventDate "2003.12.13"]
[EventType "swiss"]
[EventRounds "9"]
[EventCountry "ITA"]

1. d4 Nf6 2. Nf3 g6 3. c4 Bg7 4. Nc3 O-O 5. e4 d6 6. Be2 c5 7. d5 e6 8. O-O Re8 9. h3 exd5 10. exd5 Bf5 11. Nh4 Bc8 12. Bd3 Nfd7 13. Nf3 Ne5 14. Nxe5 Bxe5 15. Re1 Bxc3 16. Rxe8+ Qxe8 17. bxc3 Nd7 18. Qf3 Qe7 19. Bd2 Ne5 20. Qe3 Bf5 21. Bf1 Re8 22. Re1 Qh4 23. g3 Qe4 24. Qxe4 Bxe4 25. Rxe4 Nf3+ 26. Kg2 Rxe4 27. Kxf3 Re8 28. Bf4 Rd8 29. Bd3 f6 30. h4 Kf7 31. g4 Ke7 32. Bd2 Kf7 33. Kg3 Kg7 34. f4 h6 35. h5 g5 36. Kf3 Re8 37. Bg6 Re7 38. Bf5 a6 39. a4 b6 40. Bc8 a5 41. Be6 Re8 42. Ke4 Kh7 43. Kf5 Kg7 44. Be1 Rf8 45. Bf2 Re8 46. Bg3 Rf8 47. Bd7 Kf7 48. fxg5 Ke7 49. g6 Kxd7 50. g7 1-0

[Event "6.Città di  Padova Open A"]
[Site "Padova Fornace Carotta"]
[Date "2003.12.18"]
[Round "6.3"]
[White "Opacic, Alexandar"]
[Black "Lazic, Miroljub"]
[Result "0-1"]
[WhiteElo "2088"]
[BlackElo "2479"]
[Annotator "Gabriele Ballarin"]
[PlyCount "82"]
[EventDate "2003.12.13"]
[EventType "swiss"]
[EventRounds "9"]
[EventCountry "ITA"]

1. e4 e5 2. Nf3 Nc6 3. Bb5 a6 4. Ba4 Nf6 5. O-O Be7 6. Re1 b5 7. Bb3 d6 8. c3 O-O 9. h3 Na5 10. Bc2 c5 11. d4 Qc7 12. Nbd2 cxd4 13. cxd4 Rd8 14. Bd3 Bd7 15. Qe2 Nc6 16. Nb3 exd4 17. Nbxd4 Ne5 18. Bc2 Re8 19. Bg5 h6 20. Be3 Nc4 21. Rac1 Qb7 22. Bb3 Ne5 23. Bc2 Bf8 24. Bf4 Nc4 25. b3 Ne5 26. Bd2 Ng6 27. Qd3 Rac8 28. Bb1 Rxc1 29. Bxc1 Ne5 30. Qe3 Ng6 31. Bb2 Nxe4 32. Bxe4 d5 33. Bxd5 Qxd5 34. Qd2 Rd8 35. Qa5 Bc8 36. Qd2 Bb7 37. Qe3 Bc5 38. Rd1 Qh5 39. Qc3 Bxf3 40. Qxf3 Qxf3 41. gxf3 Nh4 0-1

[Event "6.Città di  Padova Open A"]
[Site "Padova Fornace Carotta"]
[Date "2003.12.18"]
[Round "6.4"]
[White "Laketic, Gojko"]
[Black "Sartori, Spartaco"]
[Result "1-0"]
[WhiteElo "2399"]
[BlackElo "2177"]
[Annotator "Gabriele Ballarin"]
[PlyCount "97"]
[EventDate "2003.12.13"]
[EventType "swiss"]
[EventRounds "9"]
[EventCountry "ITA"]

1. Nf3 Nf6 2. c4 e6 3. Nc3 c5 4. g3 b6 5. Bg2 Bb7 6. O-O Be7 7. Re1 d5 8. cxd5 exd5 9. d4 O-O 10. Ne5 Nc6 11. Nxc6 Bxc6 12. dxc5 bxc5 13. Bg5 Qb6 14. Bxf6 Bxf6 15. Nxd5 Bxd5 16. Bxd5 Bxb2 17. Rb1 Rab8 18. Qc2 Qf6 19. Red1 Qc3 20. Rd2 Qxc2 21. Rxc2 Ba3 22. Rxb8 Rxb8 23. Rc3 Bb4 24. Rf3 Rf8 25. Bc4 g6 26. Rd3 Kg7 27. a3 Ba5 28. Rd7 Bb6 29. h4 h6 30. Kg2 g5 31. h5 Kf6 32. f4 Kg7 33. Kf3 a6 34. e4 Ba5 35. e5 gxf4 36. gxf4 Bc3 37. Ke4 a5 38. a4 Kg8 39. Rc7 Bd4 40. Kf5 Kg7 41. Bd5 Be3 42. Ke4 Bd4 43. f5 Kg8 44. f6 Bf2 45. Kf5 Bd4 46. Bc4 Be3 47. e6 fxe6+ 48. Bxe6+ Kh8 49. Kg6 1-0

[Event "6.Città di  Padova Open A"]
[Site "Padova Fornace Carotta"]
[Date "2003.12.18"]
[Round "6.5"]
[White "Contini, Davide"]
[Black "Antoniacci, Riccardo"]
[Result "1/2-1/2"]
[WhiteElo "1860"]
[BlackElo "2041"]
[Annotator "Gabriele Ballarin"]
[PlyCount "88"]
[EventDate "2003.12.13"]
[EventType "swiss"]
[EventRounds "9"]
[EventCountry "ITA"]

1. d4 f5 2. Nf3 g6 3. e3 Bg7 4. g3 Nf6 5. Bg2 d6 6. d5 O-O 7. O-O a5 8. Nc3 Bd7 9. e4 Nxe4 10. Nxe4 fxe4 11. Ng5 Qc8 12. Nxe4 Na6 13. Ng5 Nc5 14. Re1 h6 15. Ne4 Na4 16. c3 Nb6 17. Qd3 Bf5 18. Be3 Nd7 19. Qd2 Kh7 20. f4 Nf6 21. Nf2 c6 22. Bd4 c5 23. Be3 b5 24. Rac1 Qb7 25. h3 h5 26. Rcd1 a4 27. Qe2 Qd7 28. Kh2 Rfb8 29. Bf3 Qb7 30. g4 hxg4 31. hxg4 Bd7 32. g5 Ne8 33. Kg3 Kg8 34. Be4 a3 35. Bxg6 axb2 36. Bxc5 dxc5 37. Qxe7 Nd6 38. Qxd6 Ra6 39. Bf7+ Kxf7 40. Re7+ Kg8 41. Rxg7+ Kxg7 42. Qe5+ Kf7 43. d6 Re8 44. Qf6+ Kg8 1/2-1/2

[Event "6.Città di  Padova Open A"]
[Site "Padova Fornace Carotta"]
[Date "2003.12.18"]
[Round "6.6"]
[White "Quaranta, Cristiano"]
[Black "Cardili, Mariano"]
[Result "0-1"]
[WhiteElo "1942"]
[BlackElo "1900"]
[Annotator "Gabriele Ballarin"]
[PlyCount "92"]
[EventDate "2003.12.13"]
[EventType "swiss"]
[EventRounds "9"]
[EventCountry "ITA"]

1. d4 d5 2. Nf3 Nf6 3. e3 c6 4. Bd3 Bg4 5. c4 Nbd7 6. Nc3 e6 7. Qb3 Bxf3 8. gxf3 dxc4 9. Bxc4 b5 10. Be2 a6 11. a4 b4 12. Ne4 c5 13. Nxc5 Nxc5 14. dxc5 Bxc5 15. Bd2 Qb6 16. a5 Qb7 17. Rg1 O-O 18. Bc3 Qe7 19. Be5 Bd6 20. f4 Bxe5 21. fxe5 Nd7 22. Rg4 Rab8 23. f4 Nc5 24. Qc2 g6 25. Kf2 b3 26. Qb1 Rfd8 27. Kg1 Rd2 28. Rg2 Rbd8 29. Bf3 Rxg2+ 30. Kxg2 Rd2+ 31. Kg3 h5 32. h4 Nd3 33. Qf1 Qc5 34. Qg1 Nxb2 35. Rc1 Qxa5 36. Qe1 Qd8 37. Ra1 a5 38. Qc1 a4 39. Bc6 Rc2 40. Qh1 Qb6 41. Bxa4 Nxa4 42. Rxa4 b2 43. Ra8+ Kg7 44. f5 Qxe3+ 45. Qf3 Qg1+ 46. Kf4 Rc4+ 0-1

[Event "6.Città di  Padova Open A"]
[Site "Padova Fornace Carotta"]
[Date "2003.12.18"]
[Round "6.7"]
[White "Rossi, Damiano"]
[Black "Navarro, Emanuele"]
[Result "0-1"]
[WhiteElo "2027"]
[BlackElo "2178"]
[Annotator "Gabriele Ballarin"]
[PlyCount "69"]
[EventDate "2003.12.13"]
[EventType "swiss"]
[EventRounds "9"]
[EventCountry "ITA"]

1. d4 Nf6 2. c4 g6 3. Nc3 d5 4. Nf3 Bg7 5. cxd5 Nxd5 6. e4 Nxc3 7. bxc3 c5 8. Be3 O-O 9. Bc4 Nc6 10. h3 Na5 11. Bb3 Nxb3 12. Qxb3 cxd4 13. cxd4 Qa5+ 14. Bd2 Qa6 15. Bb4 Be6 16. Qa3 Qb5 17. Rd1 Rfc8 18. Bxe7 Rc2 19. Qd3 Qb2 20. Nd2 Bh6 21. Bf6 Rac8 22. d5 Bxd2+ 23. Rxd2 Rxd2 24. Qxd2 Qb1+ 25. Ke2 Qxe4+ 26. Kd1 Qxd5 27. Qxd5 Bxd5 28. f3 Bxa2 29. Kd2 Rc6 30. Bc3 Be6 31. Rb1 b6 32. Ra1 Rc7 33. Be5 Rb7 34. Kc3 Kf8 35. Bf6 {Nur} 0-1

[Event "6.Città di  Padova Open A"]
[Site "Padova Fornace Carotta"]
[Date "2003.12.18"]
[Round "6.8"]
[White "Roberti, Ignazio"]
[Black "Navarro, Stefano"]
[Result "1/2-1/2"]
[WhiteElo "1990"]
[BlackElo "2128"]
[Annotator "Gabriele Ballarin"]
[PlyCount "78"]
[EventDate "2003.12.13"]
[EventType "swiss"]
[EventRounds "9"]
[EventCountry "ITA"]

1. e4 e5 2. Nf3 Nc6 3. Bb5 f5 4. Nc3 fxe4 5. Nxe4 d5 6. Ng3 Bg4 7. h3 Bxf3 8. Qxf3 Nf6 9. d3 Bc5 10. Bg5 O-O 11. Bxc6 bxc6 12. O-O Qe8 13. Qe2 Qg6 14. Be3 Bd6 15. Rae1 Rae8 16. Qd1 c5 17. c3 Kh8 18. Ne2 d4 19. Bc1 Ng8 20. Qc2 Rf3 21. Qb3 Ne7 22. Kh1 Rxd3 23. f3 Nf5 24. Qb5 Ne3 25. Bxe3 Rxe3 26. Ng3 Rxe1 27. Rxe1 a6 28. Qd7 Rb8 29. Nf5 Rf8 30. g4 h6 31. cxd4 cxd4 32. f4 d3 33. fxe5 d2 34. Rd1 Bxe5 35. Rxd2 Qg5 36. Qd3 Qf4 37. Nh4 Qf1+ 38. Qxf1 Rxf1+ 39. Kg2 Rf6 1/2-1/2

[Event "6.Città di  Padova Open A"]
[Site "Padova Fornace Carotta"]
[Date "2003.12.18"]
[Round "6.9"]
[White "Rigo, Gianfrancesco"]
[Black "Logallo, Claudio"]
[Result "1-0"]
[WhiteElo "2059"]
[BlackElo "2045"]
[Annotator "Gabriele Ballarin"]
[PlyCount "73"]
[EventDate "2003.12.13"]
[EventType "swiss"]
[EventRounds "9"]
[EventCountry "ITA"]

1. e4 c5 2. Nf3 d6 3. d4 cxd4 4. Nxd4 Nf6 5. Nc3 a6 6. Bc4 e6 7. Bb3 Be7 8. O-O Qc7 9. f4 Nc6 10. Be3 Na5 11. g4 Nxb3 12. axb3 Nd7 13. g5 Nb8 14. f5 Nc6 15. fxe6 Bxe6 16. Nxe6 fxe6 17. Qh5+ g6 18. Qg4 Qd7 19. Na4 Bd8 20. Rad1 Ne5 21. Qh3 Rc8 22. Nc5 Rxc5 23. Bxc5 Nf7 24. Qg4 Be7 25. h4 h5 26. Qh3 Ne5 27. Bd4 Qc8 28. Qc3 Qb8 29. Rd2 Rf8 30. Rxf8+ Kxf8 31. Rf2+ Kg8 32. Bxe5 dxe5 33. Kg2 b5 34. Qc6 Qd8 35. Qxe6+ Kh8 36. Rf7 Qa8 37. Qxe5+ 1-0

[Event "6.Città di  Padova Open A"]
[Site "Padova Fornace Carotta"]
[Date "2003.12.18"]
[Round "6.10"]
[White "Canazza, Alessandro"]
[Black "Cedriano, Filippo"]
[Result "1-0"]
[WhiteElo "1594"]
[BlackElo "1825"]
[Annotator "Gabriele Ballarin"]
[PlyCount "66"]
[EventDate "2003.12.13"]
[EventType "swiss"]
[EventRounds "9"]
[EventCountry "ITA"]

1. c4 Nf6 2. Nc3 c5 3. e4 Nc6 4. g3 d6 5. h3 g6 6. Bg2 Bg7 7. Nge2 Nd7 8. O-O O-O 9. d3 a6 10. Be3 Nd4 11. Qc1 Rb8 12. Bh6 Ne5 13. Bxg7 Kxg7 14. Nxd4 cxd4 15. Ne2 Nxd3 16. Qd2 Ne5 17. Qxd4 Kg8 18. f4 Nc6 19. Qd2 b5 20. cxb5 Rxb5 21. Kh2 Qb6 22. b3 Rb4 23. Nc3 Rd4 24. Qe3 e5 25. f5 Kg7 26. Nd5 Qb7 27. f6+ Kh8 28. Rac1 Rxd5 29. exd5 Nd4 30. Rc4 Nf5 31. Qd2 Qb6 32. Rfc1 Qb8 33. g4 Nd4 1-0

[Event "6.Città di  Padova Open A"]
[Site "Padova Fornace Carotta"]
[Date "2003.12.18"]
[Round "6.11"]
[White "Maniero, Riccardo"]
[Black "Belloni, Umberto"]
[Result "1-0"]
[WhiteElo "1660"]
[BlackElo "1623"]
[Annotator "Gabriele Ballarin"]
[PlyCount "43"]
[EventDate "2003.12.13"]
[EventType "swiss"]
[EventRounds "9"]
[EventCountry "ITA"]

1. e4 e6 2. d4 d5 3. Nc3 dxe4 4. Nxe4 Nf6 5. Bg5 Be7 6. Bd3 Nbd7 7. Nf3 h6 8. Bf4 b6 9. Qe2 Bb7 10. O-O-O Qc8 11. Ne5 Nxe5 12. Bxe5 Nxe4 13. Bxe4 Bf6 14. Bxf6 gxf6 15. d5 e5 16. d6 cxd6 17. Rxd6 Bxe4 18. Qxe4 Ke7 19. Rhd1 Re8 20. Rc6 Qa6 21. Rc7+ Ke6 22. f4 1-0

[Event "6.Città di  Padova Open A"]
[Site "Padova Fornace Carotta"]
[Date "2003.12.18"]
[Round "6.12"]
[White "Smirnov, Vladimir"]
[Black "Bonetto, Giorgio"]
[Result "0-1"]
[WhiteElo "1300"]
[BlackElo "1540"]
[Annotator "Gabriele Ballarin"]
[PlyCount "70"]
[EventDate "2003.12.13"]
[EventType "swiss"]
[EventRounds "9"]
[EventCountry "ITA"]

1. e4 e6 2. d4 d5 3. e5 c5 4. c3 Nc6 5. Nf3 Bd7 6. Bd3 cxd4 7. cxd4 Qb6 8. Bc2 Nb4 9. Bb3 Bb5 10. Ba4 Qa5 11. Nc3 Bxa4 12. Nxa4 Nc2+ 13. Ke2 Qxa4 14. Bf4 Qc4+ 15. Qd3 Qxd3+ 16. Kxd3 Nxa1 17. Rxa1 Ne7 18. Ke2 Nc6 19. Bd2 Bb4 20. Be3 O-O 21. Rg1 Rfc8 22. h4 Ne7 23. g4 Rc2+ 24. Bd2 Bxd2 25. Nxd2 Rxb2 26. a3 Rc8 27. Rd1 Rcc2 28. f4 Nc6 29. Kd3 Nxd4 30. Nb1 Nc6 31. Rd2 Rxd2+ 32. Nxd2 Ra2 33. Nb1 Na5 34. Kc3 Nc4 35. Kb3 Rb2+ 0-1

[Event "6.Città di  Padova Open A"]
[Site "Padova Fornace Carotta"]
[Date "2003.12.18"]
[Round "6.13"]
[White "Giordan, Daniele"]
[Black "Cipolotti, Piersilvio"]
[Result "1/2-1/2"]
[WhiteElo "1569"]
[BlackElo "1591"]
[Annotator "Gabriele Ballarin"]
[PlyCount "150"]
[EventDate "2003.12.13"]
[EventType "swiss"]
[EventRounds "9"]
[EventCountry "ITA"]

1. e4 Nc6 2. Nf3 d6 3. Nc3 Nf6 4. d4 Bg4 5. Be2 e6 6. Be3 Be7 7. h3 Bh5 8. Qd2 a6 9. d5 exd5 10. exd5 Nb8 11. O-O O-O 12. Rfe1 Nbd7 13. a4 Re8 14. a5 Nf8 15. Bd4 N6d7 16. Ne4 Nf6 17. Ng3 Bg6 18. c4 N6d7 19. Bd1 Bf6 20. Rxe8 Qxe8 21. Bxf6 Nxf6 22. Ba4 N8d7 23. Re1 Qf8 24. b4 Re8 25. Re3 Rxe3 26. Qxe3 b6 27. Nd4 h6 28. Nc6 bxa5 29. Nxa5 Nb6 30. Bc6 Qd8 31. Qe2 Qf8 32. Bb7 Qe8 33. Qxe8+ Nxe8 34. Bxa6 Bd3 35. Nf1 Kh7 36. Ne3 Kg6 37. Bb7 Nf6 38. f3 Nh5 39. c5 Na4 40. cxd6 cxd6 41. Nac4 Nf6 42. Nxd6 Nb6 43. Kf2 Nfd7 44. f4 f6 45. Ke1 Kh7 46. Kd2 Bb1 47. Nd1 Kg8 48. Nc3 Bh7 49. Ke3 Kf8 50. Bc6 Ke7 51. Bxd7 Kxd7 52. Ndb5 Bg8 53. Kd4 Bh7 54. Ne4 Nc8 55. Nc5+ Ke7 56. Nb7 Kd7 57. Kc5 Be4 58. g3 Bg2 59. h4 g5 60. fxg5 fxg5 61. hxg5 hxg5 62. Nc3 Ne7 63. Nd1 Nxd5 64. Na5 Nf6 65. Ne3 Bf3 66. b5 Ne4+ 67. Kb6 Nxg3 68. Ka7 Ne2 69. b6 Nd4 70. Ng4 Nb5+ 71. Ka6 Nc7+ 72. bxc7 Kxc7 73. Nf2 Kd6 74. Kb5 Ke5 75. Kc4 Kf5 1/2-1/2

[Event "6.Città di  Padova Open A"]
[Site "Padova Fornace Carotta"]
[Date "2003.12.18"]
[Round "6.14"]
[White "Adami, Igor"]
[Black "Fragni, Enrico"]
[Result "0-1"]
[WhiteElo "1500"]
[BlackElo "1447"]
[Annotator "Gabriele Ballarin"]
[PlyCount "100"]
[EventDate "2003.12.13"]
[EventType "swiss"]
[EventRounds "9"]
[EventCountry "ITA"]

1. d4 c6 2. e4 d6 3. Nc3 Qc7 4. Nf3 e5 5. dxe5 dxe5 6. a3 Bg4 7. Be2 Be7 8. Be3 Nd7 9. O-O Ngf6 10. Nd2 Bxe2 11. Qxe2 O-O 12. Rfd1 b5 13. b4 a5 14. Rdb1 axb4 15. axb4 Rxa1 16. Rxa1 Bxb4 17. Ncb1 Qd6 18. f3 Bc5 19. Kf1 Rd8 20. Bxc5 Nxc5 21. Nb3 Nxb3 22. cxb3 Qd4 23. Ra2 Kf8 24. Rd2 Qb6 25. Qd1 Rd4 26. Rxd4 exd4 27. b4 c5 28. bxc5 Qxc5 29. Ke2 Ke7 30. Nd2 Qc3 31. Nf1 Nd7 32. Qd3 b4 33. Qxc3 dxc3 34. Kd3 Nc5+ 35. Kc2 Kd6 36. Ne3 Kc6 37. Nd5 Kb5 38. Ne3 Ka4 39. Kb1 Kb3 40. e5 Nd3 41. g3 Nxe5 42. f4 Nf3 43. h3 Nd2+ 44. Kc1 Nc4 45. Nc2 Na3 46. Nd4+ Kc4 47. Nc2 Nxc2 48. Kxc2 Kd4 49. g4 Ke4 50. f5 Kf4 0-1

[Event "6.Città di  Padova Open A"]
[Site "Padova Fornace Carotta"]
[Date "2003.12.18"]
[Round "6.15"]
[White "Rizzo, Giuseppe"]
[Black "Kircanski, Piergiorgio"]
[Result "1/2-1/2"]
[WhiteElo "1503"]
[BlackElo "1500"]
[Annotator "Gabriele Ballarin"]
[PlyCount "81"]
[EventDate "2003.12.13"]
[EventType "swiss"]
[EventRounds "9"]
[EventCountry "ITA"]

1. e4 c5 2. Nf3 d6 3. d4 cxd4 4. Nxd4 Nf6 5. Nc3 a6 6. Be3 Qc7 7. Be2 e6 8. O-O Be7 9. a4 O-O 10. f4 Nc6 11. Qe1 Nxd4 12. Bxd4 e5 13. Be3 Be6 14. f5 Bc4 15. Rd1 Bxe2 16. Qxe2 Rfd8 17. g4 Qc6 18. Qg2 Kf8 19. g5 Nd7 20. Nd5 f6 21. Qh3 fxg5 22. Qxh7 Nf6 23. Qg6 Qe8 24. Nxe7 Qxe7 25. Bxg5 Qf7 26. Bxf6 Qxf6 27. Qxf6+ gxf6 28. Rd2 Ke7 29. Kf2 Rh8 30. Ke3 Rh3+ 31. Rf3 Rah8 32. Rg2 Rxf3+ 33. Kxf3 Rh7 34. Kg3 Kd7 35. c4 a5 36. h4 Rg7+ 37. Kh3 Rxg2 38. Kxg2 Ke8 39. Kg3 Kf7 40. Kg4 Kg7 41. h5 1/2-1/2

[Event "6.Città di  Padova Open A"]
[Site "Padova Fornace Carotta"]
[Date "2003.12.19"]
[Round "7.1"]
[White "Dervishi, Erald"]
[Black "Naumkin, Igor"]
[Result "1/2-1/2"]
[WhiteElo "2495"]
[BlackElo "2401"]
[Annotator "Gabriele Ballarin"]
[PlyCount "39"]
[EventDate "2003.12.13"]
[EventType "swiss"]
[EventRounds "9"]
[EventCountry "ITA"]

1. e4 e6 2. d4 d5 3. Nd2 c5 4. exd5 Qxd5 5. Ngf3 cxd4 6. Bc4 Qd6 7. O-O Nf6 8. Nb3 Nc6 9. Nbxd4 Nxd4 10. Nxd4 Bd7 11. b3 O-O-O 12. Bb2 Qc7 13. Qe2 h5 14. Nf3 Ng4 15. Rad1 Bd6 16. h3 Bc6 17. hxg4 hxg4 18. Bxe6+ fxe6 19. Qxe6+ Kb8 20. Rxd6 1/2-1/2